Výroba papiera v teórii a praxi II.

Bibliographic Details
Main Author: Kozmál, František, 1901-1970 (Author)
Format: Book
Language:Slovak
PhysicalDescription:542 strán, [12] strán tabuľkových príloh fotografie, grafy, ilustrácie, schémy, tabuľky 25 cm
Published: Bratislava Slovenské vydavateľstvo technickej literatúry [1966]
Edition:1. vyd.
Series:Edícia literatúry pre celulózový a papiernický priemysel
Subjects:

MARC

LEADER 00000cam a2200000 a 4500
001 vtls001273468
003 SK-MaSNL
005 20260301155113.0
008 250312s1966 xo odalf np 001 0 slo
015 |a SNBA1966 
020 |q (brožované) 
035 |a SNK000224637 
035 |a urn:nbn:sk:snk-am3itp0 
035 |a 97262E57-8416-48FE-B2C9-F3B83B571D5F 
035 |a urn:nbn:sk:snk-am00fj1e 
040 |a SNK  |b slo  |c SNK  |e AACR2 
041 0 |a slo 
044 |a xo  |c SK 
072 7 |a 676  |x Papierenský priemysel  |2 konspekt 
072 7 |a 37.016  |x Učebné osnovy. Vyučovacie predmety. Učebnice  |2 konspekt 
080 |a 676.026  |2 2011 
080 |a 676  |2 2011 
080 |a 676.1  |2 2011 
080 |a (075.8)  |2 2011 
100 1 |a Kozmál, František,  |d 1901-1970  |4 aut  |9 37302 
245 1 0 |a Výroba papiera v teórii a praxi  |n II.  |c František Kozmál 
250 |a 1. vyd. 
260 |a Bratislava  |b Slovenské vydavateľstvo technickej literatúry  |c [1966] 
300 |a 542 strán, [12] strán tabuľkových príloh  |b fotografie, grafy, ilustrácie, schémy, tabuľky  |c 25 cm 
366 |e 1000 kusov 
490 1 |a Edícia literatúry pre celulózový a papiernický priemysel 
500 |a Poznámky pod čiarou 
504 |a Bibliografie na konci kapitol ; menný register na strane [533]-535 ; vecný register na strane [536]-542 
650 0 7 |a výroba papiera  |2 SNKPH  |9 58348 
650 0 7 |a papierenský priemysel  |2 SNKPH  |9 58727 
650 0 7 |a celulóza  |2 SNKPH  |9 16027 
655 7 |a učebnice vysokých škôl  |2 SNKPH  |9 70191 
830 0 |a Edícia literatúry pre celulózový a papiernický priemysel  |9 518901 
852 |a Slovenská národná knižnica 
958 |a RK 
958 |a TL 
958 |a OND 
958 |a NB 
999 |c 799513  |d 801443 
952 |a SNK  |b SNK  |y VYP  |7 0  |p 17A0009941  |o snkSC 12621/2 D1  |i snkKSP 4795/66  |0 0  |1 0  |4 0  |d 1997-01-27  |l 0  |r 2005-01-01 00:00:00  |w 2026-02-24 
952 |a SNK  |b SNK  |y PREZ  |7 0  |p 17A0831630  |o snkSC 12621/2  |i snkKSP 4794/66  |0 0  |1 0  |4 0  |d 2020-01-14  |f 1  |l 0  |r 2025-07-16 00:00:00  |w 2026-02-24